The Correspondence of Dr. Martin Lister (1639-1712). Volume Two: 1678-1694 /
Martin Lister (1639-1712), who served as physician to Queen Anne, was a prominent Fellow of the Royal Society (F.R.S.), and he was made an honorary M.D. by Oxford in 1684.The first scientific arachnologist and conchologist, and a major benefactor of the Ashmolean Museum, he corresponded regularly on...
مؤلفون آخرون:
التنسيق: كتاب الكتروني
اللغة: English
منشور في:
Leiden ; Boston :
Brill,
2025.
سلاسل:
Early Modern History and Modern History E-Books Online, Collection 2025.
Medieval and Early Modern Philosophy and Science ;
44.
الموضوعات:
الوصول للمادة أونلاين: Login to view Source
الوسوم: إضافة وسم
رقم الطلب: R486
| LEADER | 02883nam a22004818i 4500 | ||
|---|---|---|---|
| 001 | BRILL9789004263338 | ||
| 003 | nllekb | ||
| 005 | 20251023165848.0 | ||
| 006 | m d | ||
| 007 | cr un uuuua | ||
| 008 | 241115s2025 gw sb 001 0 eng d | ||
| 020 | |a 9789004263338 |q (electronic book) | ||
| 020 | |z 9789004225541 |q (print) | ||
| 024 | 7 | |a 10.1163/9789004263338 |2 DOI | |
| 035 | |z (OCoLC)1456588155 | ||
| 040 | |a NL-LeKB |c NL-LeKB |e rda | ||
| 041 | |a eng | ||
| 050 | 4 | |a R486 | |
| 072 | 7 | |a PDX |2 bicssc | |
| 072 | 7 | |a SCI |x 034000 |2 bisacsh | |
| 082 | 0 | 4 | |a 610.941 |2 23 |
| 245 | 0 | 4 | |a The Correspondence of Dr. Martin Lister (1639-1712). Volume Two: 1678-1694 / |c edited by Anna Marie Roos. |
| 264 | 1 | |a Leiden ; |a Boston : |b Brill, |c 2025. | |
| 264 | 4 | |c ©2025 | |
| 300 | |a 1 online resource (750 pages) : |b illustrations. | ||
| 336 | |a text |b txt |2 rdacontent | ||
| 337 | |a computer |b c |2 rdamedia | ||
| 338 | |a online resource |2 rdacarrier | ||
| 490 | 1 | |a Early Modern History and Modern History E-Books Online, Collection 2025 | |
| 490 | 1 | |a Medieval and Early Modern Philosophy and Science ; |v 44 | |
| 504 | |a Includes bibliographical references and index. | ||
| 520 | |a Martin Lister (1639-1712), who served as physician to Queen Anne, was a prominent Fellow of the Royal Society (F.R.S.), and he was made an honorary M.D. by Oxford in 1684.The first scientific arachnologist and conchologist, and a major benefactor of the Ashmolean Museum, he corresponded regularly on natural history and medicine with its first and second keepers, Robert Plot (1640-1696) and Edward Lhwyd (1660-1709). Lister's unpublished papers were among the largest of his donations to Oxford's fledgling museum of science. In the mid-nineteenth century, these collections passed from the Ashmolean to the Bodleian Library. They contain the bulk of his correspondence, though sizeable quantities of his outgoing letters are held elsewhere, chiefly in the Royal Society, the Natural History Museum and the British Library's collection of Sloane Manuscripts. This volume is a critical edition of this correspondence from 1678 to 1694, encompassing the years he established a medical practice in London and completed his major works on conchology. | ||
| 546 | |a English | ||
| 588 | |a Description based on print version record. | ||
| 600 | 0 | 0 | |a Lister, Martin, |d 1638?-1712. |
| 650 | 0 | |a Physicians |z Great Britain |v Correspondence. | |
| 700 | 1 | |a Roos, Anna Marie, |e editor. | |
| 776 | 0 | 8 | |i Print version: |t The Correspondence of Dr. Martin Lister (1639-1712). Volume Two: 1678-1694. |d Leiden ; Boston : Brill, 2025. |z 9789004225541 |
| 830 | 0 | |a Early Modern History and Modern History E-Books Online, Collection 2025. | |
| 830 | 0 | |a Medieval and Early Modern Philosophy and Science ; |v 44. | |
| 856 | 4 | |z DOI: |u http://dx.doi.org/10.1163/9789004263338 | |
| 942 | |2 lcc |c EBOOK | ||
| 999 | |c 61341 |d 61341 | ||
